Kevin Spacey Movies and Films by Picture - Statistics

General Stats
  • This quiz has been taken 78 times
  • The average score is 7 of 12
Answer Stats
Picture Answer % Correct
American Beauty
94%
Se7en
90%
The Usual Suspects
87%
A Bug's Life
72%
Superman Returns
54%
K-PAX
48%
Horrible Bosses
42%
L.A. Confidential
40%
Pay It Forward
36%
The Negotiator
36%
Glengarry Glen Ross
33%
Beyond the Sea
27%
No matching quizzes found
Score Distribution
Percent of People with Each Score
Percentile by Number Answered
Your Score History
You have not taken this quiz